Culture Générale avec la couleur blanche - Statistiques

Statistiques générales
  • Ce quiz a été pris 197 fois
  • Le résultat moyen est 9 sur 15
Statistiques - réponses
Indice 1 Indice 2 Réponse % Correct
Résidence officielle du Président des États-Unis La ___- Blanche Maison
98%
Point culminant de la chaîne des Alpes ou crème dessert Le ___ Blanc Mont
98%
Princesse de Disney Blanche- ___ Neige
97%
Jean-Claude Dusse dans la saga des Bronzés ___ Blanc Michel
84%
Expression synonyme d'échouer Faire ___ blanc Chou
81%
Humoriste et actrice Française Blanche ___ Gardin
69%
Roman de Jack London, adapté aussi au cinéma ___- Blanc Croc
68%
Expression signifiant se faire du souci Se faire des ___ blancs Cheveux
62%
Chanson de Michel Berger (1990) Le ___ blanc Paradis
62%
Épouse du roi Louis VIII et mère de Saint Louis Blanche de ___ Castille
49%
Peinture sur toile de Kasimir Malevitch ___ blanc sur fond blanc Carré
28%
Ancienne salle de spectacle parisienne dans le Marais Le Théâtre des Blancs ___ Manteaux
23%
Chanson de Berthe Sylva en 1937, reprise de nombreuses fois Les ___ blanches Roses
23%
Surnom du chanteur Johnny Clegg (Scartterlings of Africa, Asimbonanga) Le ___ blanc Zoulou
23%
Film de 1989 avec Vanessa Paradis et Bruno Cremer ___ blanche Noce
22%
Aucun quiz correspondant
Distribution des résultats
% des personnes avec chaque résultat
Percentile par nombre de réponses
Votre historique - résultats
Vous n’avez pas pris ce quiz